000 00975nam a2200277 i 4500
003 DO-SdBNP
005 20240621114850.0
007 ta
008 240621b2007 mx ||||| |||| 00| 0 spa d
020 _a9789681684310
040 _aDO-SdBNP
_bspa
_cBNPHU
_erda
082 4 _222
245 0 0 _aMiradas feministas sobre las mexicana del Siglo XX /
_ccoordinación e introducción, Marta Lamas
264 _aMéxico :
_bFondo de Cultura Económica:
_bConsejo Nacional para la Cultura y las Artes,
_c2007.
300 _a243 páginas ;
_c21 cm.
336 _2rdacontent
_atexto
_btxt
337 _2rdamedia
_asin mediación
_bn
338 _2rdacarrier
_avolumen
_bnc
490 _aBiblioteca Mexicana
500 _aIncluye referencias bibliográficas y notas al pie de las páginas
504 _aBibliografía : páginas 441-443
590 _aInventariado, 2024/BT
700 _aLamas, Marta.
_ecoordinación e introducción
_985745
910 _aBtavárez
942 _2ddc
_cLBS1
999 _c56924
_d56924